000 00541nam a2200169 i 4500
001 38356
003 ES-MaACL
005 20230906155736.0
007 t|
008 030225s1973 sp ||||1| spa d
100 1 _aCalero Amor, Antonio María.
_933655
245 1 0 _aHistoria del movimiento obrero en Granada (1909-1923) /
_cAntonio Mª Calero Amor ; prólogo de José Cepeda Adán.
260 _aMadrid :
_bTecnos,
_c[1973]
300 _a374 p. ;
_c24 cm.
700 1 _aCepeda Adán, José.
_937430
852 _aES-MaACL
_jC-55945
_bR.88512
999 _c38356
_d38356